拯救与逍遥=Delivering and dallying (Record no. 591804)
[ view plain ]
| 000 -LEADER | |
|---|---|
| fixed length control field | 00373nam a22001457a 4500 |
| 020 ## - INTERNATIONAL STANDARD BOOK NUMBER | |
| International Standard Book Number | 9787561786161 |
| 082 ## - DEWEY DECIMAL CLASSIFICATION NUMBER | |
| Classification number | 658.409 |
| Author Mark | LIU |
| 100 ## - MAIN ENTRY--PERSONAL NAME | |
| Personal name | Liu Xiao Feng |
| 245 ## - TITLE STATEMENT | |
| Title | 拯救与逍遥=Delivering and dallying |
| 250 ## - EDITION STATEMENT | |
| Edition statement | (Chinese Edition) |
| 260 ## - PUBLICATION, DISTRIBUTION, ETC. | |
| Place of publication, distribution, etc. | China |
| Name of publisher, distributor, etc. | East China Normal University Press |
| Date of publication, distribution, etc. | 2011 |
| 300 ## - PHYSICAL DESCRIPTION | |
| Extent | 479p |
| 563 ## - BINDING INFORMATION | |
| Binding note | HB |
| 942 ## - ADDED ENTRY ELEMENTS (KOHA) | |
| Source of classification or shelving scheme | |
| Koha item type | Book |
| Withdrawn status | Lost status | Source of classification or shelving scheme | Materials specified (bound volume or other part) | Damaged status | Not for loan | Permanent Location | Current Location | Shelving location | Date acquired | Source of acquisition | Total Checkouts | Full call number | Barcode | Date last seen | Price effective from | Koha item type |
|---|---|---|---|---|---|---|---|---|---|---|---|---|---|---|---|---|
| Donated by Chinese embassy in Pakistan | Central Library (CL) | Central Library (CL) | Chinese Studies | 10/14/2022 | Donation | 658.409 LIU | CL-D-2071 | 10/14/2022 | 10/14/2022 | Book |
